| 000 | 00470nam a2200181Ia 4500 | ||
|---|---|---|---|
| 001 | 19806 | ||
| 003 | GE_BSU | ||
| 008 | 181216s||||||||xx |||||||||||||| ||und|| | ||
| 040 | _cGE_BSU | ||
| 245 | 4 | _aThe Economist. №9028. February 18th-24th. 2017 | |
| 260 | _aParis | ||
| 260 | _c2017 | ||
| 300 | _a74p.27cm. ill. | ||
| 653 | _aThe Economist. №9028. February 18th-24th. 2017 | ||
| 653 | _aПериодика | ||
| 653 | _aპერიოდიკა | ||
| 942 | _cCR | ||
| 999 |
_c52778 _d52778 |
||